000 00490nam a2200145 a 4500
008 120416s1972 ||||||||||||||||| || u
050 _aHB 199 Joh
100 _aJohnston, John
245 1 0 _aEconometric methods
250 _a2nd ed.
260 _aNew York
_bMcGraw-Hill
_c1972
300 _av, 437p.
350 _a0.00
995 _D0.00
_FCBU-MAIN LIBRARY (Kitwe)
_H1
_I0.00
_M1
_UAVAILABLE
_WFeb 19, 2007
_ZAnnex Low-Usage Collection
999 _c40721
_d40721